Los derechos que tutela el amparo : (Registro nro. 25513)

Detalles MARC
000 -Cabecera
Campo de control interno 00721nam a22002417a 4500
005 - Fecha y hora del registro
control field 20260428175435.0
008 - Elementos de Longitud Fija
fixed length control field 260427b |||||||| |||| 00| 0 spa d
020 ## - ISBN
ISBN 9786123113667
082 ## - DEWEY y NOTACIÓN INTERNA
Dewey 343.4
Notación Interna E386
100 ## - AUTOR
Autor denominación Eto Cruz, Gerardo
Término de relación autor
245 ## - TÍTULO DE MATERIAL BIBLIOGRÁFICO
Título Los derechos que tutela el amparo :
Título paralelo un enfoque teórico y aplicativo
250 ## - EDICIÓN
Edición Primera edición
260 ## - CIUDAD, EDITORIAL, AÑO
Ciudad Lima :
Nombre de la Editorial Gaceta Jurídica,
Año 2016
300 ## - DESCRIPCIÓN
N° Páginas 175 páginas :
Otros detalles ;
Dimensiones 23 cm.
440 ## - MENCIÓN DE SERIE
Título de la Serie ;
650 ## - TEMAS
Temas Ciencias Sociales
653 ## - DESCRIPTORES
Lenguajes no controlado Derechos de tutela y amparo
654 ## - PROGRAMAS
Programa Dpto. de Derecho y Ciencia Política
700 ## - OTROS AUTORES
Otros autores ;
856 ## - URL - UBICACIÓN
Nota pública: Versión digital <a href="Véase además: Biblioteca Digital">Véase además: Biblioteca Digital</a>
URI/URL: Enlace exacto del recurso <a href="https://itmsp.museknowledge.com/UCSP?groupID=2">https://itmsp.museknowledge.com/UCSP?groupID=2</a>
942 ## - ELEMENTOS DE KOHA
Tipo de documento Libro
Nombre del creador Justo Noguera
Código de catalogador Mirtha Ponce
Suppress in OPAC No
Esquema de clasificación Dewey Decimal Classification
Existencias
Codigo completo Registro Colección Copia número Disponibilidad Tipo de préstamo Biblioteca Actual Procedencia (Biblioteca) Ubicacón Fecha Ingreso Tipo de Adquisición Observación Date last seen Total checkouts Price effective from Tipo de Item Estado del Material Fuente de Clasificación Damaged status Withdrawn status
343.4 E386 1088659 Universidad Católica San Pablo 1 No disponible Proceso Víctor Andrés Belaunde Víctor Andrés Belaunde Primer piso 27/04/2026 Donación Derecho 27/04/2026   27/04/2026 Libro Bueno Dewey Decimal Classification   Withdrawn